000 01272nam a22003617a 4500
003 CHAP
005 20220329141045.0
008 971013s1994 r 00010 d
010 _a61997
011 _a62969
035 _a67145
040 _cCHAP
082 _a581.634
_bA35
100 0 0 _aAguilar Contreras, Abigail.
_92684
245 _aPlantas medicinales del herbario IMSS
_b: cuadros básicos por aparatos y sistemas del cuerpo humano
260 _aMéxico, D. F. :
_bInstituto Mexicano del Seguro Social,
_c1994
300 _a218 p.
_b: ilus.
590 _aBATCH-UPD
_b10
_c20130110
_lUCH01
_h0342
590 _aBATCH-UPD
_b10
_c20130110
_lUCH01
_h1909
590 _aBATCH-UPD
_b10
_c20130410
_lUCH01
_h0016
590 _aBATCH-UPD
_b10
_c20130410
_lUCH01
_h1629
590 _aBATCH-UPD
_b10
_c20130914
_lUCH01
_h0741
590 _aCONVERSION
_b10
_c20130109
_lUCH01
_h1333
650 1 4 _aBotánica médica.
_914680
650 1 4 _aHerbario del Instituto Méxicano del Seguro Social.
_953673
700 0 _aCamacho, Juan Raúl.
_917720
700 0 _aChino, Soledad.
_922590
700 0 _aJacquez, Patricia.
_960880
700 0 _aLópez, María Edith.
_968471
901 _aBK
942 _cLIBRO
949 _a581.634 A35
_bBC
_cESP
_d-152387
_eESP
_gI. 184334
_h91543
_i67145
_si
999 _c61997
_d61997